LEGO DC Super-Villains: Playable Characters by Picture - Statistics

General Stats
  • This quiz has been taken 150 times
  • The average score is 97 of 212
Answer Stats
Picture Answer % Correct
Alfred Pennyworth
90%
Aquaman | Arthur Curry
88%
Batgirl | Barbara Gordon
88%
Batman | Bruce Wayne
88%
Captain Marvel | Billy Batson
87%
Catwoman & Roz | Selina Kyle
87%
Bane
86%
Batwoman | Kate Kane
84%
Beast Boy | Garfield Logan
84%
Cyborg | Victor Stone
81%
Bizarro
80%
Black Adam | Teth-Adam
78%
Black Manta | David Hyde
78%
Blue Beetle | Jaime Reyes
78%
Commissioner Jim Gordon
78%
Brainiac | Vril Dox
77%
Captain Cold | Leonard Snart
77%
Clayface | Basil Karlo
77%
Green Lantern | Hal Jordan
75%
Harley Quinn | Harleen Quinzel
75%
Black Canary | Dinah Laurel Lance
72%
Cheetah | Barbara Minerva
72%
Deadshot | Floyd Lawton
72%
Captain Boomerang | Digger Harkness
71%
Green Lantern | John Stewart
71%
Krypto the Superdog
71%
Booster Gold & Skeets | Michael Carter
70%
Darkseid | Uxas
70%
Deathstroke | Slade Wilson
70%
Doctor Fate | Kent Nelson
70%
Green Arrow | Oliver Queen
70%
Hawkgirl | Shayera Hol
70%
Hawkman | Katar Hol
68%
Green Lantern | Jessica Cruz
67%
Green Lantern | Simon Baz
67%
Lex Luthor
67%
Man-Bat | Kirk Langstrom
67%
Mr. Freeze | Victor Fries
67%
Nightwing | Dick Grayson
67%
Lobo
65%
Martian Manhunter | J'onn J'onzz
65%
Ares
64%
Arsenal | Roy Harper
64%
Calendar Man | Julian Day
64%
Red Robin | Tim Drake
64%
Killer Croc | Waylon Jones
62%
Poison Ivy | Pamela Isley
62%
Reverse-Flash | Eobard Thawne
62%
Scarecrow | Jonathan Crane
62%
Supergirl | Kara Zor-El
62%
Superman | Clark Kent
62%
Condiment King | Mitchell Mayo
61%
Gorilla Grodd
61%
Robin | Damian Wayne
61%
Atrocitus | Atros
59%
Captain Marvel, Jr. | Freddy Freeman
59%
Firefly | Garfield Lynns
59%
Firestorm | Jason Rusch
59%
Green Lantern | B'Dg
59%
King Shark | Nanaue
59%
Black Lightning | Jefferson Pierce
58%
Lois Lane
58%
Plastic Man | Patrick "Eel" O'Brian
58%
Raven | Rachel Roth
58%
The Flash | Barry Allen
58%
The Joker
58%
The Riddler | Edward Nigma
58%
Clock King | William Tockman
57%
General Zod | Dru-Zod
57%
Huntress | Helena Bertinelli
57%
Kid Flash | Wallace West
57%
Ra's al Ghul
57%
Red Hood | Jason Todd
57%
The Penguin | Oswald Cobblepot
57%
Doctor Hugo Strange
55%
Doctor Light | Arthur Light
55%
Killer Frost | Caitlin Snow
55%
Mary Marvel | Mary Bromfield
55%
Polka Dot Man | Abner Krill
55%
Aqualad | Kaldur'ahm
54%
Detective Chimp | Bobo T. Chimpanzee
54%
Kite-Man | Chuck Brown
52%
Wonder Woman | Diana Prince
52%
Bronze Tiger | Benjamin Turner
51%
Captain Clown
51%
Katana | Tatsu Yamashiro
51%
Solomon Grundy | Cyrus Gold
51%
Starfire | Koriand'r
51%
Two-Face | Harvey Dent
51%
Frankenstein's Monster
49%
Shazam | Darla Dudley
49%
Shazam | Eugene Choi
49%
Shazam | Pedro Peña
49%
Superboy | Conner Kent
49%
Anti-Monitor
48%
Artemis Crock
48%
Black Beetle
48%
Deadman | Boston Brand
48%
Superboy | Jonathan Samuel Kent
48%
Thaal Sinestro
48%
The Flash | Wally West
48%
Adam Strange
46%
Doomsday
46%
Mister Terrific | Curtis Holt
46%
Red Tornado | John Smith
46%
Atomica | Rhonda Pineda
45%
Big Barda
45%
Owlman | Thomas Wayne, Jr.
45%
Hellblazer | John Constantine
43%
Johnny Quick | Jonathan Chambers
43%
Livewire | Leslie Willis
43%
Mirror Master | Evan McCulloch
43%
Deathstorm
42%
Granny Goodness
42%
Creeper | Jack Ryder
41%
Mera
41%
Parasite | Rudy Jones
41%
Wonder Girl | Cassie Sandsmark
41%
Copperhead
39%
Malcolm Merlyn | Arthur King
39%
Miss Martian | M'gann M'orzz
39%
Swamp Thing | Alec Holland
39%
Amanda Waller
38%
Gentleman Ghost | James Craddock
38%
Mad Hatter | Jervis Tetch
38%
Mr. Mxyzptlk
38%
Music Meister | Darius Chapel
38%
Cheshire | Jade Nguyen
36%
DeSaad
36%
Dex-Starr | Dexter
36%
Gizmo | Mikron O'Jeneus
36%
Heatwave | Mick Rory
36%
Ocean Master | Orm
36%
Power Ring | Hal Jordan
36%
Star Sapphire | Carol Ferris
36%
Donna Troy
35%
Grid
35%
The Atom | Ryan Choi
35%
Ultraman | Kent Clarkson
35%
Zatanna Zatara
35%
Doctor Poison | Marina Maru
33%
Mazahs | Lex Luthor
33%
Metallo | John Corben
33%
The Ventriloquist and Scarface | Arnold Wesker
33%
Zoom | Hunter Zolomon
33%
Count Vertigo | Werner Zytle
32%
Enchantress | June Moone
32%
Etrigan the Demon | Jason Blood
32%
Mongul
32%
Orion
32%
Eclipso | Kaala
30%
Jimmy Olsen
30%
Klarion the Witch Boy & Teekl | Klarion Bleak
30%
Mammoth | Baran Flinders
30%
Mercy Graves
30%
Silver Banshee | Siobhan McDougal
30%
Steppenwolf
30%
Superwoman | Lois Lane
30%
Terra | Tara Markov
30%
The Atom | Ray Palmer
30%
The Wizard | Mamaragan
30%
Egg-Fu | Chang Tzu
29%
Mister Miracle | Scott Free
29%
Monsieur Mallah & Brain
29%
O.M.A.C. Operative
29%
Parademon
29%
Phantasm | Andrea Beaumont
29%
Ravager | Rose Wilson
29%
Jinx
28%
Lady Shiva | Sandra Wu-San
28%
Sea King
28%
Trigon
28%
Vixen | Mari McCabe
28%
Doctor Thaddeus Sivana
26%
Mantis
26%
Psycho-Pirate | Roger Hayden
26%
Talon | William Cobb
26%
Eradicator
25%
Golden Glider | Lisa Snart
25%
Grail
25%
Trickster | Axel Walker
25%
Felix Faust
23%
Kalibak
23%
Lashina
23%
Toyman | Winslow Schott
23%
The Spectre | Jim Corrigan
22%
Gluttony
20%
Indigo | Brainiac 8
20%
Mad Harriet
20%
Perry White
20%
Ultra-Humanite
20%
Vandal Savage | Vandar Adg
20%
Vibe | Cisco Ramon
20%
Atlanna
19%
Detective Harvey Bullock
19%
Stompa
19%
Wrath
19%
Envy
17%
Kanto | Iluthin
17%
Psimon | Simon Jones
17%
Solovar
17%
The Shade | Richard Swift
17%
Prometheus | Simon Morrison
14%
Reign | Samantha "Sam" Arias
14%
Vigilante | Vince Sobel
14%
Pride
13%
Nereus
12%
The Brine King
12%
Trench Creature
10%
Vulko
10%
Virman Vundabar
9%
Murk
7%
No matching quizzes found
Score Distribution
Percent of People with Each Score
Percentile by Number Answered
Your Score History
You have not taken this quiz